Derecho económico
Saved in:
| Main Authors: | , |
|---|---|
| Format: | Bog |
| Sprog: | spansk |
| Udgivet: |
Santiago
Legal Publishing
2013
|
| Udgivelse: | 5a. ed |
| Serier: | Colección Tratados y Manuales
|
| Fag: | |
| Tags: |
Tilføj Tag
Ingen Tags, Vær først til at tagge denne postø!
|
MARC
| LEADER | 00000cam a2200000 a 4500 | ||
|---|---|---|---|
| 001 | UCF7873 | ||
| 003 | CL-VaPUC | ||
| 008 | 130711e20130500CL |||||||||||||||||spa|d | ||
| 020 | |a 9789563463460 | ||
| 082 | 0 | 4 | |a 343.83032 |b MOR |2 21 |
| 100 | |a Morales Godoy, Joaquín Gustavo |e autor |9 739147 | ||
| 700 | 0 | |a Zavala Ortiz, José Luis |e author |9 569994 | |
| 245 | 1 | 0 | |a Derecho económico |
| 250 | |a 5a. ed | ||
| 300 | |a 327 p | ||
| 942 | |c BK | ||
| 945 | |d 20130711 00:00:00 |a dcastane | ||
| 260 | |a Santiago |b Legal Publishing |c 2013 | ||
| 650 | 0 | |a Derecho económico |9 259197 | |
| 650 | 0 | |a Derecho tributario |9 258895 | |
| 650 | 0 | |a Política monetaria |9 258279 | |
| 650 | 0 | |a Finanzas públicas |9 358992 | |
| 650 | 0 | |a Inversiones extranjeras |9 255451 | |
| 583 | |a last modification |c 20130711 11:26:00 |k Rodrigo Vera | ||
| 490 | 0 | |a Colección Tratados y Manuales | |
| 999 | |c 352618 |d 352616 | ||
| 952 | |0 0 |1 0 |4 0 |6 343_830320000000000_MOR_2013 |7 0 |8 A |9 457215 |a BIBDER |b BIBDER |d 2019-11-22 |i 4985621 |o 343.83032 MOR 2013 |p 4985621 |r 2023-01-25 |w 2019-11-22 |y BK |k DER | ||
| 952 | |0 0 |1 0 |3 erb |4 0 |6 343_830320000000000_MOR_2013 |7 0 |8 A |9 457216 |a BIBGIM |b BIBGIM |d 2019-11-22 |i 5024285 |o 343.83032 MOR 2013 |p 5024285 |r 2025-01-15 |w 2019-11-22 |y BK |z Catalogado en:20131025 |k COM | ||